00650nam a2200229Ia 4500003000400000005001700004008004100021020002200062040000700084041000800091082002200099100002600121245001700147260003600164300001200200365001300212650002800225906001900253942001200272999001900284952011700303OSt20230413160235.0210423s2014 xx 000 0 und d a978-0-7499-5861-9 cAL aeng a813.54 223bROBS aROBERTS (Nora)988359 aShadow spell aLondonbPiatkus Books Ltdc2014 a378bPB b360cINR aAmerican Fiction988360 aShadow ; spell 2ddccBK c169963d169963 001040708GENaSACPGbSACPGd2019-03-25g360.00l0o813.54 ROBSpPG016465r2022-08-24 00:00:00w2021-04-26yBK